000 00763nam a2200229 i 4500
001 25899
003 ES-MaACL
005 20230906153341.0
007 t|
008 030103s1973 sp e ||||1| spa d
100 1 _aArnal, J. Vicenta.
_923029
245 1 3 _aEl mundo del saber
_b: ciencias y letras /
_cJ. Vicenta Arnal, Inés García Escalera.
250 _aNueva ed. rev. y ampl.
260 _aBarcelona :
_bRamón Sopena,
_c1973.
300 _a710 p., 72 lám. col. y n. :
_bil. ;
_c21 cm.
490 1 _aBiblioteca Hispania ilustrada
650 4 _aEnciclopedias infantiles y juveniles.
_9156655
700 1 _aGarcía Escalera, Inés.
_954568
830 1 _aBiblioteca Hispania ilustrada
_9186905
852 4 _aES-MaACL
_jC-52402
999 _c25899
_d25899